|
|
|
|
| LEADER |
00000nam a2200000 a 4500 |
| 001 |
vtls001394342 |
| 003 |
SK-MaSNL |
| 005 |
20260302071809.0 |
| 008 |
251124s1996 UA b r 0 rus |
| 020 |
|
|
|a 9667012018
|c [174,00]
|
| 035 |
|
|
|a SNK000348669
|
| 040 |
|
|
|a SNK
|b slo
|c SNK
|e AACR2
|
| 044 |
|
|
|a UA
|
| 080 |
|
|
|a 325.25(497.1=82=83)"1919/1945"
|2 1981
|
| 100 |
1 |
|
|a Kozlitin, Vladimir Dmitrijevič
|4 aut
|9 734031
|
| 245 |
1 |
|
|a Russkaja i ukrajinskaja emigracija v Jugoslavii 1919-1945
|c Vladimir Kozlitin
|
| 260 |
|
|
|a Char'kov
|b Char'kovskij gosudarstvennyj pedagogičeskij universitet im. G.S. Skovorody
|c 1996
|
| 300 |
|
|
|a 471 s., [1] mp. príl.
|c 21 cm
|
| 650 |
0 |
7 |
|a emigranti ruskí
|x emigranti ukrajinskí
|y 1919-1945
|x štúdie
|2 SNK
|9 734032
|
| 651 |
|
7 |
|a Juhoslávia
|x emigranti ruskí
|x emigranti ukrajinskí
|y 1919-1945
|x štúdie
|2 SNK
|9 734033
|
| 919 |
|
|
|a 966-7012-01-8
|
| 999 |
|
|
|c 1153713
|d 1155643
|
| 952 |
|
|
|t P60, <04>, [BOOK], {604}
|a SNK
|b SNK
|y VYP
|7 0
|p 17A0253273
|o snkIC 128928
|i snkV 1653/2000
|0 0
|1 0
|4 0
|d 2000-10-17
|l 0
|r 2005-01-02 00:00:00
|w 2026-02-24
|